| 000 | 01041cam a2200253 4500500 | ||
|---|---|---|---|
| 005 | 20260201082815.0 | ||
| 041 | _afre | ||
| 042 | _adc | ||
| 100 | 1 | 0 |
_aFédou, Alain _eauthor |
| 700 | 1 | 0 |
_aGélis, Patrick _eauthor |
| 700 | 1 | 0 |
_aVignes, Jean _eauthor |
| 700 | 1 | 0 |
_aRajablat, Marie _eauthor |
| 245 | 0 | 0 | _aBraque : une association pour défendre des usagers particuliers… |
| 260 | _c2007. | ||
| 500 | _a43 | ||
| 520 | _aRésuméPrésentation d’une association de patients d’un centre hospitalier spécialisé, créée à la suite de l’explosion d’ azf, qui se donne pour objectifs de défendre et de promouvoir les droits des plus démunis, des plus dépendants, du fait de la maladie mentale ou du handicap. | ||
| 690 | _aassociation | ||
| 690 | _acatastrophe d'azf | ||
| 690 | _acitoyenneté | ||
| 690 | _amaladie mentale | ||
| 690 | _apsychiatrie | ||
| 786 | 0 | _nEmpan | 64 | 4 | 2007-03-22 | p. 95-96 | 1152-3336 | |
| 856 | 4 | 1 | _uhttps://shs.cairn.info/revue-empan-2006-4-page-95?lang=fr&redirect-ssocas=7080 |
| 999 |
_c1640307 _d1640307 |
||